Famous People Born in June Quiz Stats

 Plays Quiz Updated Apr 27, 2018

Score 0/30 Timer 07:00
3 Plays Today
Person % Correct
Marilyn Monroe
97%
Prince
92.2%
Morgan Freeman
90.4%
Mike Tyson
90.2%
Paul McCartney
90%
Johnny Depp
89%
Prince William of Wales
87.2%
Anne Frank
87.1%
Angelina Jolie
86%
Meryl Streep
81.5%
Mark Wahlberg
77.8%
Kanye West
76%
Courteney Cox
72.7%
Lionel Richie
72.3%
Tupac '2Pac' Shakur
69.1%
Person % Correct
Ernesto 'Che' Guevara
68.4%
Natalie Portman
65.4%
Paula Abdul
62.4%
Rafael Nadal
59.3%
Heidi Klum
57.5%
Barry Manilow
55.3%
John Cusack
54.1%
Judy Garland
53.5%
George Michael
45.3%
Iggy Azalea
44.2%
Jim Belushi
41.5%
Wayne Brady
41.5%
Mindy Kaling
40.2%
Zoe Saldana
32%
John Cho
25.7%

You're not logged in!

Compare scores with friends on all Sporcle quizzes.
OR
Log In

Sporcle TV

Today on Sporcle TV


Watch our educational content, quiz creation guides, and fun videos on Sporcle TV.

Show Comments

Extras

Top Quizzes Today


Score Distribution

Your Account Isn't Verified!

In order to create a playlist on Sporcle, you need to verify the email address you used during registration. Go to your Sporcle Settings to finish the process.

Report this User

Report this user for behavior that violates our Community Guidelines.

Details: